000 00982nam a2200265 i 4500
001 30345
003 ES-MaACL
007 t|
008 030124s1981 sp ||||1| spa d
020 _a84-7481-162-7
100 1 _aBarrios García, Angel.
_926028
245 1 0 _aDocumentación medieval de la Catedral de Avila /
_cAngel Barrios García.
250 _a[1ª ed.].
260 _aSalamanca :
_bUniversidad de Salamanca,
_c1981.
300 _a481 p. ;
_c24 cm.
490 1 _aDocumentos y estudios para la historia del occidente peninsular durante la Edad Media ;
_v6
490 1 _aActa Salmanticensia. Filosofía y letras ;
_v128
500 _aIndices.
504 _aBibliografía.
710 2 _aUniversidad de Salamanca.
_97275
830 0 0 _aDocumentos y estudios para la historia del occidente peninsular durante la Edad Media
_v6
_9229333
830 0 0 _aActa Salmanticensia
_v128
_9181394
852 _aES-MaACL
_jL-8123
_bR.108640
999 _c30345
_d30345